The legend of Broken [CD/sound recording] / Caleb ... Read More
Available copies
- 2 of 2 copies available at LARL/NWRL Consortium.
- 2 of 2 copies available at Lake Agassiz Regional Library. (Show preferred library)
Current holds
0 current holds with 2 total copies.
Show Only Available Copies
| Location | Call Number / Copy Notes | Barcode | Shelving Location | Status | Due Date |
|---|---|---|---|---|---|
| Mahnomen Public Library | CD TALKING BOOK CAR (Text) | 33500010902252 | Main | Available | - |
| Moorhead Public Library | CD TALKING BOOK CAR (Text) | 33500010975845 | Main | Available | - |
Record details
- ISBN: 9781470334154
- ISBN: 1470334151
- Physical Description: 30 sound discs (36 hr.) : digital ; 4 3/4 in.
- Publisher: Prince Frederick, MD : Recorded Books, p2013.
Content descriptions
| General Note: | Unabridged. Compact disc. |
| Participant or Performer Note: | Narrated by Tim Gerard Reynolds, George Guidall, ... Read More |
| Summary, etc.: | An epic account about the kingdom of Broken ... Read More "Some years ago, a remarkable manuscript long ... Read More |
Search for related items by subject
| Subject: | Cities and towns, Medieval > Fiction. Civilization, Medieval > Fiction. |
| Genre: | Historical fiction. Audiobooks. Adventure fiction. |
| LDR | 03191cim a2200469Ia 4500 | ||
|---|---|---|---|
| 001 | 148530 | ||
| 003 | LARL_NWRL_CONSORTIUM | ||
| 005 | 20130506124525.0 | ||
| 007 | sd fungnn|||ed | ||
| 008 | 121211s2013 mdunnnn f n eng d | ||
| 020 | . | ‡a9781470334154 | |
| 020 | . | ‡a1470334151 | |
| 028 | 0 | 1. | ‡aC02223 ‡bRecorded Books |
| 035 | . | ‡a(OCoLC)820819313 | |
| 040 | . | ‡aZAB ‡cZAB ‡dRECBX ‡dEINCP ‡dIH9 | |
| 050 | 1 | 4. | ‡aPS3553.A76277 ‡bL44 2013c |
| 082 | 0 | 4. | ‡a813/.54 ‡223 |
| 100 | 1 | . | ‡aCarr, Caleb, ‡d1955- ‡0(LARL_NWRL_CONSORTIUM)58919 |
| 245 | 1 | 4. | ‡aThe legend of Broken ‡h[CD/sound recording] / ‡cCaleb Carr. |
| 260 | . | ‡aPrince Frederick, MD : ‡bRecorded Books, ‡cp2013. | |
| 300 | . | ‡a30 sound discs (36 hr.) : ‡bdigital ; ‡c4 3/4 in. | |
| 500 | . | ‡aUnabridged. | |
| 520 | . | ‡aAn epic account about the kingdom of Broken follows the efforts of a solitary noble soldier to confront legendary medieval adversaries to save a fortress city from internal and external dangers. | |
| 511 | 1 | . | ‡aNarrated by Tim Gerard Reynolds, George Guidall, John Curless. |
| 520 | . | ‡a"Some years ago, a remarkable manuscript long rumored to exist was discovered: The Legend of Broken. It tells of a prosperous fortress city where order reigns at the point of a sword--even as scheming factions secretly vie for control of the surrounding kingdom. Meanwhile, outside the city's granite walls, an industrious tribe of exiles known as the Bane forages for sustenance in the wilds of Davon Wood. At every turn, the lives of Broken's defenders and its would-be destroyers intertwine: Sixt Arnem, the widely respected and honorable head of the kingdom's powerful army, grapples with his conscience and newfound responsibilities amid rumors of impending war. Lord Baster-kin, master of the Merchants' Council, struggles to maintain the magnificence of his kingdom even as he pursues vainglorious dreams of power. And Keera, a gifted female tracker of the Bane tribe, embarks on a perilous journey to save her people, enlisting the aid of the notorious and brilliant philosopher Caliphestros. Together, they hope to exact a ruinous revenge on Broken, ushering in a day of reckoning when the mighty walls will be breached forever in a triumph of science over superstition."--Book Dust jacket. | |
| 500 | . | ‡aCompact disc. | |
| 650 | 0. | ‡aCities and towns, Medieval ‡vFiction. | |
| 650 | 0. | ‡aCivilization, Medieval ‡vFiction. | |
| 655 | 7. | ‡aHistorical fiction. ‡2gsafd | |
| 655 | 7. | ‡aAudiobooks. ‡2lcgft ‡0(LARL_NWRL_CONSORTIUM)175801 | |
| 655 | 7. | ‡aAdventure fiction. ‡2gsafd | |
| 700 | 1 | . | ‡aReynolds, Timothy. |
| 700 | 1 | . | ‡aGuidall, George. ‡0(LARL_NWRL_CONSORTIUM)107056 |
| 700 | 1 | . | ‡aCurless, John. ‡0(LARL_NWRL_CONSORTIUM)137182 |
| 948 | . | ‡hHELD BY LAL - 106 OTHER HOLDINGS | |
| 994 | . | ‡aZ0 ‡bLAL | |
| 901 | . | ‡a148530 ‡bOCLC ‡c148530 ‡tbiblio | |

Add to basket
Permalink
Disable Highlighting